Normal view MARC view
  • Dansk Standard

Entry Corporate Name

Number of records used in: 1

001 - CONTROL NUMBER

  • control field: 4658

003 - CONTROL NUMBER IDENTIFIER

  • control field: SIRSI

005 - DATE AND TIME OF LATEST TRANSACTION

  • control field: 20190806150235.0

008 - FIXED-LENGTH DATA ELEMENTS

  • fixed length control field: 050106n| aaannaabn |n ana d

040 ## - CATALOGING SOURCE

  • Original cataloging agency: OSt
  • Transcribing agency: OSt

110 ## - HEADING--CORPORATE NAME

  • Corporate name or jurisdiction name as entry element: Dansk Standard

670 ## - SOURCE DATA FOUND

  • Source citation: Repair of concrete structures to EN 1504. A guide for renovation of concrete structures - repair materials and systems according to the EN 1504 series, 2004